000 01787cam a2200493 i 4500
001 38764
003 KOSZ 005
005 20220923145634.0
008 991231s2000 pl a f f |001 0 pol
015 _aPB 2000/238
020 _a8320812194
020 _a8320811635
040 _aWA N
_cWA N
_dKOSZ 005/HR
041 1 _apol
_heng
046 _k1996
080 _a658.14/.17
080 _a336.76
080 _a(075.8)
100 1 _aBrigham, Eugene F.
_d(1930- )
_eAutor
245 1 0 _aZarządzanie finansami.
_n[T.] 2 /
_cEugene F. Brigham, Louis C. Gapenski ; red. nauk. Ryszard Kokoszczyński, Paweł Wyczański ; tł. Marta Gołajewska [et al.].
246 1 _iTyt. oryg. :
_aIntermediate financial management,
_f1996.
260 _aWarszawa :
_bPolskie Wydaw. Ekonomiczne,
_c2000.
300 _a612 s. :
_bil. ;
_c24 cm.
336 _2rdacontent
_aTekst
_btxt
337 _2rdamedia
_aBez urządzenia pośredniczącego
_bn
338 _2rdacarrier
_aWolumin
_bnc
380 _aKsiążki
388 _a1901-2000
388 _a1989-2000
504 _aBibliogr. przy rozdz. - Indeks.
521 8 _aPodręcznik akademicki.
650 4 _aFinanse przedsiębiorstwa
650 4 _aRynek finansowy
650 4 _aZarządzanie finansami
655 4 _aPodręczniki akademickie
658 _aGospodarka, ekonomia, finanse
700 1 _aGapenski, Louis C.
_eAutor
700 1 _aKokoszczyński, Ryszard
_eRedakcja
700 1 _aWyczański, Paweł
_d(1951- )
_eRedakcja
700 1 _aGołajewska, Marta
_eTłumaczenie
710 2 _aPolskie Wydawnictwo Ekonomiczne
_4pbl.
856 _uhttp://koha.tu.koszalin.pl/cgi-bin/koha/opac-detail.pl?biblionumber=38764
_yKatalog online BPK
942 _2UKD
_cKS
999 _c38764
_d38764